{"text_format":"3","workbook":"xlsx","n_sheets":3,"sheets":["Лист1","Лист2","Лист3"],"read":"whole","date_system":"1900"}

{"sheet":"Лист1","index":0,"n_rows":68,"n_cols":15,"rows_kept":68}
["№","Фамилия","Имя","Отчество","Дата рождения","Пол","Участник с ОВЗ (да/нет)","Класс обучения","Класс участия","Балл","Максимальный балл","Статус","Призёр муниципального этапа прошлого года","ФИО учителя","Место работы учителя"]
[1,"Гаврилов","Никита","Андреевич","2011-07-20","М","нет",5,5,12,25,"Участник","нет","Сухорученко Любовь Васильевна","Муниципальное бюджетное общеобразовательное учреждение \"МБОУ Гимназия №52»\" г.Казани Республики Татарстан"]
[2,"Валиуллин","Дамир","Ринатович","2011-06-03","М","нет",5,5,7.8,25,"Участник","нет","Сухорученко Любовь Васильевна","Муниципальное бюджетное общеобразовательное учреждение \"МБОУ Гимназия №52»\" г.Казани Республики Татарстан"]
[3,"Ермолаева","Маргарита","Сергеевна","2010-09-30","Ж","нет",5,5,11.4,25,"Участник","нет","Сухорученко Любовь Васильевна","Муниципальное бюджетное общеобразовательное учреждение \"МБОУ Гимназия №52»\" г.Казани Республики Татарстан"]
[4,"Козлова","Дарина","Андреевна","2011-04-27","Ж","нет",5,5,6.4,25,"Участник","нет","Сухорученко Любовь Васильевна","Муниципальное бюджетное общеобразовательное учреждение \"МБОУ Гимназия №52»\" г.Казани Республики Татарстан"]
[5,"Репина","Василина","Дмитиевна","07.072011","Ж","нет",5,5,13,25,"Участник","нет","Сухорученко Любовь Васильевна","Муниципальное бюджетное общеобразовательное учреждение \"МБОУ Гимназия №52»\" г.Казани Республики Татарстан"]
[6,"Бакина","Ксения","Сергеевна","2010-09-04","Ж","нет",5,5,14,25,"Участник","нет","Сухорученко Любовь Васильевна","Муниципальное бюджетное общеобразовательное учреждение \"МБОУ Гимназия №52»\" г.Казани Республики Татарстан"]
[7,"Яшин","Кирилл","Александрович","2010-09-30","М","нет",5,5,9,25,"Участник","нет","Сухорученко Любовь Васильевна","Муниципальное бюджетное общеобразовательное учреждение \"МБОУ Гимназия №52»\" г.Казани Республики Татарстан"]
[8,"Корнилова","Анна","Владимировна","2011-06-29","Ж","нет",5,5,17.8,25,"Участник","нет","Сухорученко Любовь Васильевна","Муниципальное бюджетное общеобразовательное учреждение \"МБОУ Гимназия №52»\" г.Казани Республики Татарстан"]
[9,"Петряева","Ксения","Артёмовна","2010-11-16","Ж","нет",5,5,20.5,25,"Призер","нет","Сухорученко Любовь Васильевна","Муниципальное бюджетное общеобразовательное учреждение \"МБОУ Гимназия №52»\" г.Казани Республики Татарстан"]
[10,"Ахметова","Аделина","Рустемовна","2010-12-20","Ж","нет",5,5,12,25,"Участник","нет","Сухорученко Любовь Васильевна","Муниципальное бюджетное общеобразовательное учреждение \"МБОУ Гимназия №52»\" г.Казани Республики Татарстан"]
[11,"Шакарова","Рамиля","Камилевна","2011-09-04","Ж","нет",5,5,11,25,"Участник","нет","Сухорученко Любовь Васильевна","Муниципальное бюджетное общеобразовательное учреждение \"МБОУ Гимназия №52»\" г.Казани Республики Татарстан"]
[12,"Галямова","Ильвина","Ильнаровна","2012-02-12","Ж","нет",5,5,12,25,"Участник","нет","Сухорученко Любовь Васильевна","Муниципальное бюджетное общеобразовательное учреждение \"МБОУ Гимназия №52»\" г.Казани Республики Татарстан"]
[13,"Семенова","Анна-Алексия","Сергеевна","2011-07-14","Ж","нет",5,5,10,25,"Участник","нет","Сухорученко Любовь Васильевна","Муниципальное бюджетное общеобразовательное учреждение \"МБОУ Гимназия №52»\" г.Казани Республики Татарстан"]
[14,"Манжукова","Карина","Евгеньевич","2011-11-10","Ж","нет",5,5,7.6,25,"Участник","нет","Сухорученко Любовь Васильевна","Муниципальное бюджетное общеобразовательное учреждение \"МБОУ Гимназия №52»\" г.Казани Республики Татарстан"]
[15,"Файзуллин","Карим","Линарович","2011-02-20","М","нет",5,5,18.2,25,"Призер","нет","Сухорученко Любовь Васильевна","Муниципальное бюджетное общеобразовательное учреждение \"МБОУ Гимназия №52»\" г.Казани Республики Татарстан"]
[16,"Чернова","Ульяна","Дмитиевна","2011-07-08","Ж","нет",5,5,15,25,"Участник","нет","Сухорученко Любовь Васильевна","Муниципальное бюджетное общеобразовательное учреждение \"МБОУ Гимназия №52»\" г.Казани Республики Татарстан"]
[17,"Грибков","Максим","Александрович","2011-02-07","М","нет",5,5,21.4,25,"Победитель","нет","Сухорученко Любовь Васильевна","Муниципальное бюджетное общеобразовательное учреждение \"МБОУ Гимназия №52»\" г.Казани Республики Татарстан"]
[18,"Хабибуллин","Адель","Русланович","2010-06-10","М","нет",5,5,19.5,25,"Призер","нет","Сухорученко Любовь Васильевна","Муниципальное бюджетное общеобразовательное учреждение \"МБОУ Гимназия №52»\" г.Казани Республики Татарстан"]
[19,"Мусаев","Рауф","Амин оглы","2011-07-25","М","нет",5,5,17,25,"Участник","нет","Сухорученко Любовь Васильевна","Муниципальное бюджетное общеобразовательное учреждение \"МБОУ Гимназия №52»\" г.Казани Республики Татарстан"]
[20,"Астахова ","Екатерина","Евгеньевна","2010-12-20","ж","нет",6,6,19,25,"Призер","нет","Гусейнова Эльнара Сулейман кызы","Муниципальное бюджетное общеобразовательное учреждение \"МБОУ Гимназия №52»\" г.Казани Республики Татарстан"]
[21,"Каримов","Раиль","Дамирович ","2011-02-28","м","нет",6,6,15.8,25,"участник ","нет","Гусейнова Эльнара Сулейман кызы","Муниципальное бюджетное общеобразовательное учреждение \"МБОУ Гимназия №52»\" г.Казани Республики Татарстан"]
[22,"Гладкова","Владислава","Андреевна ","2010-06-17","ж","нет",6,6,19.6,25,"Призёр","нет","Гусейнова Эльнара Сулейман кызы","Муниципальное бюджетное общеобразовательное учреждение \"МБОУ Гимназия №52»\" г.Казани Республики Татарстан"]
[23,"Беспалова ","Ариана","Николаевна","2010-08-04","ж","нет",6,6,9,25,"участник ","нет","Гусейнова Эльнара Сулейман кызы","Муниципальное бюджетное общеобразовательное учреждение \"МБОУ Гимназия №52»\" г.Казани Республики Татарстан"]
[24,"Галеева","Камилла","Рамисовна ","2010-10-21","ж","нет",6,6,14.6,25,"участник ","нет","Гусейнова Эльнара Сулейман кызы","Муниципальное бюджетное общеобразовательное учреждение \"МБОУ Гимназия №52»\" г.Казани Республики Татарстан"]
[25,"Русских ","Георгий","Сергеевич ","2010-02-10","м","нет",6,6,11.2,25,"участник ","нет","Гусейнова Эльнара Сулейман кызы","Муниципальное бюджетное общеобразовательное учреждение \"МБОУ Гимназия №52»\" г.Казани Республики Татарстан"]
[26,"Пантелеева ","София","Алексеевна ","2010-02-20","ж","нет",6,6,13.8,25,"участник ","нет","Гусейнова Эльнара Сулейман кызы","Муниципальное бюджетное общеобразовательное учреждение \"МБОУ Гимназия №52»\" г.Казани Республики Татарстан"]
[27,"Гаранин","Артем","Рустемович ","1905-07-02","м","нет",6,6,4.6,25,"участник ","нет","Гусейнова Эльнара Сулейман кызы","Муниципальное бюджетное общеобразовательное учреждение \"МБОУ Гимназия №52»\" г.Казани Республики Татарстан"]
[28,"Мамедов","Исмайыл ","Вюгар оглы ","2010-03-15","м","нет",6,6,13.4,25,"участник ","нет","Гусейнова Эльнара Сулейман кызы","Муниципальное бюджетное общеобразовательное учреждение \"МБОУ Гимназия №52»\" г.Казани Республики Татарстан"]
[29,"Фазлыев","Даниэль ","Маратович","2009-05-16","м","нет",7,7,13.4,30,"участник ","нет","Гусейнова Эльнара Сулейман кызы","Муниципальное бюджетное общеобразовательное учреждение \"МБОУ Гимназия №52»\" г.Казани Республики Татарстан"]
[30,"Зарифзянова","Энже","Рустамовна ","2008-11-16","ж","нет",7,7,24.6,30,"Призёр","нет","Гусейнова Эльнара Сулейман кызы","Муниципальное бюджетное общеобразовательное учреждение \"МБОУ Гимназия №52»\" г.Казани Республики Татарстан"]
[31,"Шакиров","Самир","Одилович ","2009-03-02","м","нет",7,7,20.8,30,"участник ","нет","Гусейнова Эльнара Сулейман кызы","Муниципальное бюджетное общеобразовательное учреждение \"МБОУ Гимназия №52»\" г.Казани Республики Татарстан"]
[32,"Салахова ","Азалия","Айратовна","2009-03-07","ж","нет",7,7,13.2,30,"участник ","нет","Гусейнова Эльнара Сулейман кызы","Муниципальное бюджетное общеобразовательное учреждение \"МБОУ Гимназия №52»\" г.Казани Республики Татарстан"]
[33,"Салахиева ","Гульфия","Радифовна ","2009-07-03","ж","нет",7,7,9.4,30,"участник ","нет","Гусейнова Эльнара Сулейман кызы","Муниципальное бюджетное общеобразовательное учреждение \"МБОУ Гимназия №52»\" г.Казани Республики Татарстан"]
[34,"Гилязова ","Самира","Рустамовна","2008-03-06","ж","нет",8,8,30.2,33,"Победитель","Победитель","Самигуллина Эльза Ильдаровна","Муниципальное бюджетное общеобразовательное учреждение \"МБОУ Гимназия №52»\" г.Казани Республики Татарстан"]
[35,"Низамова ","Розалия ","Маратовна","2008-04-12","ж","нет",8,8,14,33,"Участник","нет","Самигуллина Эльза Ильдаровна","Муниципальное бюджетное общеобразовательное учреждение \"МБОУ Гимназия №52»\" г.Казани Республики Татарстан"]
[36,"Казакова","Дания","Ильдаровна","2008-02-15","Ж","нет",8,8,9.8,33,"Участник","нет","Самигуллина Эльза Ильдаровна","Муниципальное бюджетное общеобразовательное учреждение \"МБОУ Гимназия №52»\" г.Казани Республики Татарстан"]
[37,"Кожевникова","Олеся","Алексеевна ","2008-02-17","ж","нет",8,8,16.8,33,"участник ","нет","Гусейнова Эльнара Сулейман кызы","Муниципальное бюджетное общеобразовательное учреждение \"МБОУ Гимназия №52»\" г.Казани Республики Татарстан"]
[38,"Тагирова","Алия","Айратовна ","2008-03-21","ж","нет",8,8,15.3,33,"участник ","нет","Гусейнова Эльнара Сулейман кызы","Муниципальное бюджетное общеобразовательное учреждение \"МБОУ Гимназия №52»\" г.Казани Республики Татарстан"]
[39,"Ганиев","Альмир","Азатович ","2008-04-22","м","нет",8,8,17.4,33,"участник ","нет","Гусейнова Эльнара Сулейман кызы","Муниципальное бюджетное общеобразовательное учреждение \"МБОУ Гимназия №52»\" г.Казани Республики Татарстан"]
[40,"Селиверстова ","Софья","Валерьевна","2008-09-12","ж","нет",8,8,14.4,33,"участник ","нет","Гусейнова Эльнара Сулейман кызы","Муниципальное бюджетное общеобразовательное учреждение \"МБОУ Гимназия №52»\" г.Казани Республики Татарстан"]
[41,"Постнов","Дмитрий","Алексеевич ","2008-11-27","м","нет",8,8,17.9,33,"участник ","нет","Гусейнова Эльнара Сулейман кызы","Муниципальное бюджетное общеобразовательное учреждение \"МБОУ Гимназия №52»\" г.Казани Республики Татарстан"]
[42,"Масмалиев","Раван","Руслан Оглы ","2008-07-19","м","нет",8,8,14.3,33,"участник ","нет","Гусейнова Эльнара Сулейман кызы","Муниципальное бюджетное общеобразовательное учреждение \"МБОУ Гимназия №52»\" г.Казани Республики Татарстан"]
[43,"Калимуллина ","Зиля","Ильмировна","2008-08-05","ж","нет",8,8,23.4,33,"участник ","нет","Гусейнова Эльнара Сулейман кызы","Муниципальное бюджетное общеобразовательное учреждение \"МБОУ Гимназия №52»\" г.Казани Республики Татарстан"]
[44,"Шадрина","Кира","Константиновна ","2008-09-23","ж","нет",8,8,13.5,33,"участник ","нет","Гусейнова Эльнара Сулейман кызы","Муниципальное бюджетное общеобразовательное учреждение \"МБОУ Гимназия №52»\" г.Казани Республики Татарстан"]
[45,"Павельева","Елизавета","Александровна ","2008-02-28","ж","нет",8,8,15.4,33,"участник ","нет","Гусейнова Эльнара Сулейман кызы","Муниципальное бюджетное общеобразовательное учреждение \"МБОУ Гимназия №52»\" г.Казани Республики Татарстан"]
[46,"Турунтаева","Алена","Дмитриевна ","2008-03-13","ж","нет",8,8,24.4,33,"Призёр","нет","Гусейнова Эльнара Сулейман кызы","Муниципальное бюджетное общеобразовательное учреждение \"МБОУ Гимназия №52»\" г.Казани Республики Татарстан"]
[47,"Ахметзянова","Амира","Маратовна ","2008-03-11","ж","нет",8,8,23.4,33,"участник ","нет","Гусейнова Эльнара Сулейман кызы","Муниципальное бюджетное общеобразовательное учреждение \"МБОУ Гимназия №52»\" г.Казани Республики Татарстан"]
[48,"Минкина","Айгуль","Марселевна ","2008-07-19","ж","нет",8,8,17.9,33,"участник ","нет","Гусейнова Эльнара Сулейман кызы","Муниципальное бюджетное общеобразовательное учреждение \"МБОУ Гимназия №52»\" г.Казани Республики Татарстан"]
[49,"Мусаева","Лейла","Рамин кызы","2009-01-27","ж","нет",8,8,24.2,33,"Призёр","нет","Гусейнова Эльнара Сулейман кызы","Муниципальное бюджетное общеобразовательное учреждение \"МБОУ Гимназия №52»\" г.Казани Республики Татарстан"]
[50,"Мещерякова","Александра","Витальевна","2007-12-12","Ж","нет",9,9,21.1,57,"Участник","нет","Сухорученко Любовь Васильевна","Муниципальное бюджетное общеобразовательное учреждение \"МБОУ Гимназия №52»\" г.Казани Республики Татарстан"]
[51,"Корягина","Марина","Алксандровна","2006-12-21","Ж","нет",9,9,23.8,57,"Участник","нет","Сухорученко Любовь Васильевна","Муниципальное бюджетное общеобразовательное учреждение \"МБОУ Гимназия №52»\" г.Казани Республики Татарстан"]
[52,"Саттарова","Эльвира","Рамилевна","2007-01-28","Ж","нет",9,9,19.6,57,"Участник","нет","Сухорученко Любовь Васильевна","Муниципальное бюджетное общеобразовательное учреждение \"МБОУ Гимназия №52»\" г.Казани Республики Татарстан"]
[53,"Нигметзянов","Тимур","Робертович","2006-11-29","М","нет",9,9,23.1,57,"Участник","нет","Сухорученко Любовь Васильевна","Муниципальное бюджетное общеобразовательное учреждение \"МБОУ Гимназия №52»\" г.Казани Республики Татарстан"]
[54,"Шаймарданов","Даниил","Тимурович","2006-12-20","М","нет",9,9,23.2,57,"Участник","нет","Сухорученко Любовь Васильевна","Муниципальное бюджетное общеобразовательное учреждение \"МБОУ Гимназия №52»\" г.Казани Республики Татарстан"]
[55,"Валишева ","Сабина","Ильдаровна","2006-09-12","Ж","нет",10,10,25.7,64,"Участник","нет","Самигуллина Эльза Ильдаровна","Муниципальное бюджетное общеобразовательное учреждение \"МБОУ Гимназия №52»\" г.Казани Республики Татарстан"]
[56,"Шагиахметова","Амира","Маратовна","2007-03-16","Ж","нет",10,10,18.4,64,"Участник","нет","Самигуллина Эльза Ильдаровна","Муниципальное бюджетное общеобразовательное учреждение \"МБОУ Гимназия №52»\" г.Казани Республики Татарстан"]
[57,"Масмалиев","Тарлан","Эльханович","2007-01-07","М","нет",10,10,42.4,64,"Призер","нет","Самигуллина Эльза Ильдаровна","Муниципальное бюджетное общеобразовательное учреждение \"МБОУ Гимназия №52»\" г.Казани Республики Татарстан"]
[58,"Сингатуллин","Амир","Маратович","2006-06-03","М","нет",10,10,20.5,64,"Участник","нет","Самигуллина Эльза Ильдаровна","Муниципальное бюджетное общеобразовательное учреждение \"МБОУ Гимназия №52»\" г.Казани Республики Татарстан"]
[59,"Валиуллина","Ляйсан","Ильдаровна","2006-08-01","Ж","нет",10,10,26.2,64,"Участник","нет","Самигуллина Эльза Ильдаровна","Муниципальное бюджетное общеобразовательное учреждение \"МБОУ Гимназия №52»\" г.Казани Республики Татарстан"]
[60,"Пастушенко","Олег","Викторович","2006-07-07","М","нет",10,10,58,64,"Победитель","нет","Самигуллина Эльза Ильдаровна","Муниципальное бюджетное общеобразовательное учреждение \"МБОУ Гимназия №52»\" г.Казани Республики Татарстан"]
[61,"Добронравов","Филипп","Артемович","2006-10-25","Ж","нет",10,10,28.8,64,"Участник","нет","Самигуллина Эльза Ильдаровна","Муниципальное бюджетное общеобразовательное учреждение \"МБОУ Гимназия №52»\" г.Казани Республики Татарстан"]
[62,"Азмуханова ","Лейсян","Рамилевна","2006-01-14","Ж","нет",10,10,25,64,"Участник","нет","Самигуллина Эльза Ильдаровна","Муниципальное бюджетное общеобразовательное учреждение \"МБОУ Гимназия №52»\" г.Казани Республики Татарстан"]
[63,"Фатихова ","Айгуль ","Ренатовна","2005-11-16","Ж","нет",11,11,58.3,71,"Призер","нет","Самигуллина Эльза Ильдаровна","Муниципальное бюджетное общеобразовательное учреждение \"МБОУ Гимназия №52»\" г.Казани Республики Татарстан"]
[64,"Зарипова ","Диляра","Руслановна","2005-07-16","Ж","нет",11,11,45.4,71,"Участник","нет","Самигуллина Эльза Ильдаровна","Муниципальное бюджетное общеобразовательное учреждение \"МБОУ Гимназия №52»\" г.Казани Республики Татарстан"]
[65,"Сарбаева","Полина","Витальевна","2005-09-29","Ж","нет",11,11,39.9,71,"Участник","нет","Самигуллина Эльза Ильдаровна","Муниципальное бюджетное общеобразовательное учреждение \"МБОУ Гимназия №52»\" г.Казани Республики Татарстан"]
[66,"Варламова ","Елизавета","Владимиоровна","2005-08-23","Ж","нет",11,11,58.7,71,"Победитель","нет","Самигуллина Эльза Ильдаровна","Муниципальное бюджетное общеобразовательное учреждение \"МБОУ Гимназия №52»\" г.Казани Республики Татарстан"]
[67,"Савдур ","Евгений","Александрович","2005-05-17","М","нет",11,11,56.1,71,"Призер","нет","Самигуллина Эльза Ильдаровна","Муниципальное бюджетное общеобразовательное учреждение \"МБОУ Гимназия №52»\" г.Казани Республики Татарстан"]

{"sheet":"Лист2","index":1,"n_rows":0,"n_cols":0,"rows_kept":0}

{"sheet":"Лист3","index":2,"n_rows":0,"n_cols":0,"rows_kept":0}